Central Library OPAC University of Rajshahi

Galois theory / (Record no. 70358)

MARC details
000 -LEADER
fixed length control field 00812nam a2200277 a 4500
001 - CONTROL NUMBER
control field 70358
003 - CONTROL NUMBER IDENTIFIER
rucl marc code BD-RjUL
005 - DATE AND TIME OF LATEST TRANSACTION
control field 20211209082005.0
008 - FIXED-LENGTH DATA ELEMENTS--GENERAL INFORMATION
fixed length control field 170417r19981990nyua b 001 0 eng
020 ## - INTERNATIONAL STANDARD BOOK NUMBER
International Standard Book Number 0387985417 (softcover : alk. paper)
035 ## - SYSTEM CONTROL NUMBER
System control number (BD-RjUL)70572
040 ## - CATALOGING SOURCE
Original cataloging agency DLC
Transcribing agency DLC
Modifying agency DLC
-- BD-RjUL
Language of cataloging eng
041 ## - LANGUAGE CODE
Language code of text/sound track or separate title eng
082 00 - DEWEY DECIMAL CLASSIFICATION NUMBER
Edition number 23
Classification number 512.32
Author mark and year ROG 1998
100 1# - MAIN ENTRY--PERSONAL NAME
Personal name Rotman, Joseph J.,
Dates associated with a name 1934-
9 (RLIN) 208341
245 10 - TITLE STATEMENT
Title Galois theory /
Statement of responsibility, etc. Joseph Rotman.
250 ## - EDITION STATEMENT
Edition statement 2nd ed.
260 ## - PUBLICATION, DISTRIBUTION, ETC. (IMPRINT)
Place of publication, distribution, etc. New York :
Name of publisher, distributor, etc. Springer,
Date of publication, distribution, etc. c1998.
300 ## - PHYSICAL DESCRIPTION
Pagination xiv, 157 p. :
Illustrations ill. ;
Size 24 cm.
490 0# - SERIES STATEMENT
Series statement Universitext
504 ## - BIBLIOGRAPHY, ETC. NOTE
Bibliography, etc Includes bibliographical references (p. 151-152) and index.
650 #0 - SUBJECT ADDED ENTRY--TOPICAL TERM
Topical term or geographic name as entry element Galois theory.
9 (RLIN) 151091
830 ## - SERIES ADDED ENTRY--UNIFORM TITLE
Uniform title Universitext
942 ## - ADDED ENTRY ELEMENTS (KOHA)
Source of classification or shelving scheme Dewey Decimal Classification
Koha item type Books
Holdings
Lost status Source of classification or shelving scheme Damaged status Not for loan Collection code Permanent Location Current Location Shelving location Date acquired Source of acquisition Cost, normal purchase price Total Checkouts Full call number Date last seen Copy number Koha item type
  Dewey Decimal Classification   Not For Loan Non-fiction Central Library, University of Rajshahi Central Library, University of Rajshahi Reading Room 17/08/2010 Paragon Enterprise ltd., Dhaka 195.00   512.32 ROG 1998 17/04/2017 C-1 Books